Language Quiz

Random Language or Latin Quiz

BNL Latin 3 Vocab Quiz Stats

 Plays Quiz not verified by Sporcle

Score 0/18 Timer 10:00
0 Plays Today
% Correct
speak
75%
nearest
50%
so many
50%
rejoice
50%
trust
37.5%
think
37.5%
any
25%
speech
25%
in fact
25%
% Correct
gladly
25%
already
25%
collect
25%
pleasant
12.5%
bloom
12.5%
seek
12.5%
life
12.5%
each
12.5%
remarkable
12.5%

You're not logged in!

Compare scores with friends on all Sporcle quizzes.
OR
Log In

Show Comments

Extras

Created Oct 11, 2010ReportNominate
Tags:Latin Quiz, Vocabulary Quiz

Top Quizzes Today


Score Distribution

Your Account Isn't Verified!

In order to create a playlist on Sporcle, you need to verify the email address you used during registration. Go to your Sporcle Settings to finish the process.

Report this User

Report this user for behavior that violates our Community Guidelines.

Details: